000 00571nam a2200181Ia 4500
008 151018s9999 xx 000 0 und d
082 _bRBASDV6554
_a891.433
100 _aकुश्नचंदर
245 _aएक गधा नेफा में
250 _b3
260 _bराजपाल अंड सन्स
_c1967
300 _a164
600 _aकुश्नचंदर
630 _aएक गधा नेफा में
700 _aकुश्नचंदर
730 _aएक गधा नेफा में
942 _cBOOK
999 _c1008928
_d1008925